Classics of Christian missions / (Record no. 68665)

MARC details
000 -LEADER
fixed length control field 03606cam a2200253 i 4500
003 - CONTROL NUMBER IDENTIFIER
control field PILC
005 - DATE AND TIME OF LATEST TRANSACTION
control field 20241107105931.0
008 - FIXED-LENGTH DATA ELEMENTS--GENERAL INFORMATION
fixed length control field 800213s1979 tnu b 001 0deng
010 ## - LIBRARY OF CONGRESS CONTROL NUMBER
LC control number Acc#45082
020 ## - INTERNATIONAL STANDARD BOOK NUMBER
International Standard Book Number 0805463135
040 ## - CATALOGING SOURCE
Original cataloging agency DLC
Transcribing agency Philippine Baptist Theological Seminary
Modifying agency DLC
050 00 - LIBRARY OF CONGRESS CALL NUMBER
Classification number BV 2070
Item number C569 1979
082 00 - DEWEY DECIMAL CLASSIFICATION NUMBER
Classification number 266
245 00 - TITLE STATEMENT
Title Classics of Christian missions /
Statement of responsibility, etc. Francis M. DuBose, editor.
260 ## - PUBLICATION, DISTRIBUTION, ETC (IMPRINT)
Place of publication, distribution, etc. Nashville :
Name of publisher, distributor, etc. Broadman Press,
Date of publication, distribution, etc. c1979.
300 ## - PHYSICAL DESCRIPTION
Extent 462 p. ;
Dimensions 21 cm.
504 ## - BIBLIOGRAPHY, ETC. NOTE
Bibliography, etc Include bibliographical references and index.
505 ## - FORMATTED CONTENTS NOTE
Formatted contents note Part I. The biblical-theological basis of missions<br/>"An enquiry into the obligations of the Christians to use for the conversion of the Heathen" -- "The missionary idea in the Bible" -- The foundations of the message" from the Missionary message of the Old Testament -- "An exegetical study of Matthew 28:16-20" -- <br/><br/>Part II. Mission histories <br/>"Early eminent evangelists" and "Pantaenus the philosopher" -- Chapters 23, 24, 25 from a history of the English church and people (The mission of Augustine to England) -- "Results" from the Expansion of Christianity: the first three centuries -- "The age of pietism" from Outline of a history of Protestant missions from the reformation to the present time -- "The great century by way of summary and anticipation" from a history of the expansion of Christianity -- <br/><br/>Part III. Missionary biographies<br/>Chapters 3, 9, 10, and 13 from the life of St. Martin -- "His last missionary journey and his martyrdom" -- "The traveler" -- "Prisoners in a Heathen village" --<br/><br/>Part IV. Missionary journals and diaries<br/>"Confession" -- "Progress in Nankin" -- "Rise and progress of a remarkable work of grace" -- "Unexpected relief-H. M. Stanley arrives" -- <br/><br/>Part V. Missionary letters<br/>From Origen to Gregory Thaumaturgus -- From Gregory the great to Augustine of Canterbury -- Letters of Boniface -- From Bartholomew de Las Casas to Philip II of Spain -- Letters of Francis Xavier awaiting entry into China -- From Adoniram Judson to his Mother-in-law on the death of his wife -- From Hudson Taylor to a close friend -- From Lottie Moon to Southern Baptist women <br/><br/>Part VI. Mission theory and practice<br/>"On steps toward helping a native church to become self-supporting, self-governing and self-extending" (on indigenous church) -- "Principles and methods of modern missions" -- "The Old system criticised" -- "Introductory" --<br/><br/>Part VII. Missionary tracts and sermons<br/>"unity of faith of the church throughout the whole world" -- "Universal diffusion of the gospel a contrast to philosophy" -- "We are but of yesterday" -- "Proof of rapid and widespread growth of Christians -- "Concerning the proper purpose of the preaching of the gospel" -- "The star in the east" -- "Vindication of missions in India" -- "The obligation to evangelize the world" -- <br/><br/>Part VIII. Historic missionary conferences<br/>Findings of the commission -- The Christian message -- A message to all peoples -- <br/><br/>Part IX. Mission encounter with Non-Christian religions<br/>Christianity, other religions and non-Christian religion -- The attitude towards the Non-Christian religions -- <br/><br/>Part X. Historic Missionary encyclicals <br/>Maximum Illud -- Princeps Pastorum -- <br/><br/>Part XI. Voices from the younger churches <br/>The new world: its discovery and occupation -- "Postscript: the tempo quickens and epilogue -- The kingdom of the father is fulfilled --
650 #0 - SUBJECT ADDED ENTRY--TOPICAL TERM
Topical term or geographic name as entry element Missions.
700 1# - ADDED ENTRY--PERSONAL NAME
Personal name DuBose, Francis M.
906 ## - LOCAL DATA ELEMENT F, LDF (RLIN)
a 7
b cbc
c orignew
d 2
e ocip
f 19
g y-gencatlg
942 ## - ADDED ENTRY ELEMENTS (KOHA)
Source of classification or shelving scheme Dewey Decimal Classification
Koha item type Circulation Books
Holdings
Withdrawn status Lost status Source of classification or shelving scheme Damaged status Not for loan Home library Current library Shelving location Date acquired Source of acquisition Total Checkouts Full call number Barcode Date last seen Price effective from Koha item type
    Dewey Decimal Classification     PBTS Library PBTS Library Circulation Section 03/01/2016 Gift   BV 2070 C569 1979 45082 03/18/2026 03/01/2016 Circulation Books

Philippine Baptist Theological Seminary | 19 Tacay Road, Central Guisad, Baguio City 2600, Philippines